東京23区内の警察署 - Statistics

General Stats
  • This quiz has been taken 75 times
  • The average score is 44 of 77
Answer Stats
方面 所在地 Answer % Correct
第3方面 渋谷区 渋谷警察署
97%
第4方面 新宿区 新宿警察署
97%
第3方面 目黒区 目黒警察署
95%
第4方面 中野区 中野警察署
95%
第2方面 品川区 品川警察署
93%
第10方面 板橋区 板橋警察署
93%
第5方面 豊島区 池袋警察署
91%
第10方面 練馬区 練馬警察署
91%
第3方面 世田谷区 世田谷警察署
90%
第2方面 大田区 蒲田警察署
88%
第6方面 台東区 上野警察署
88%
第2方面 大田区 大森警察署
86%
第1方面 千代田区 神田警察署
84%
第5方面 豊島区 巣鴨警察署
83%
第5方面 文京区 大塚警察署
81%
第6方面 荒川区 荒川警察署
81%
第10方面 北区 赤羽警察署
81%
第4方面 新宿区 四谷警察署
79%
第6方面 台東区 浅草警察署
79%
第10方面 北区 王子警察署
79%
第4方面 杉並区 杉並警察署
78%
第6方面 足立区 千住警察署
78%
第3方面 渋谷区 代々木警察署
74%
第4方面 杉並区 荻窪警察署
74%
第2方面 品川区 大井警察署
72%
第1方面 港区 赤坂警察署
71%
第5方面 文京区 駒込警察署
71%
第7方面 江戸川区 葛西警察署
71%
第2方面 品川区 大崎警察署
69%
第7方面 葛飾区 葛飾警察署
69%
第3方面 渋谷区 原宿警察署
67%
第7方面 葛飾区 亀有警察署
67%
第7方面 江戸川区 小岩警察署
67%
第1方面 千代田区 丸の内警察署
64%
第1方面 港区 麻布警察署
64%
第5方面 豊島区 目白警察署
64%
第1方面 港区 高輪警察署
59%
第1方面 中央区 築地警察署
57%
第6方面 足立区 綾瀬警察署
55%
第10方面 板橋区 高島平警察署
55%
第1方面 中央区 中央警察署
53%
第3方面 世田谷区 北沢警察署
53%
第7方面 墨田区 本所警察署
52%
第10方面 練馬区 石神井警察署
52%
第2方面 大田区 田園調布警察署
50%
第6方面 足立区 西新井警察署
50%
第1方面 中央区 月島警察署
47%
第1方面 港区 三田警察署
45%
第3方面 世田谷区 成城警察署
45%
第4方面 杉並区 高井戸警察署
45%
第10方面 板橋区 志村警察署
45%
第1方面 江東区 東京湾岸警察署
41%
第4方面 新宿区 牛込警察署
41%
第3方面 世田谷区 玉川警察署
40%
第6方面 台東区 蔵前警察署
40%
第6方面 荒川区 尾久警察署
40%
第7方面 江東区 深川警察署
40%
第1方面 千代田区 万世橋警察署
38%
第7方面 墨田区 向島警察署
38%
第10方面 北区 滝野川警察署
36%
第10方面 練馬区 光が丘警察署
36%
第6方面 荒川区 南千住警察署
34%
第2方面 品川区 荏原警察署
33%
第6方面 足立区 竹の塚警察署
31%
第4方面 中野区 野方警察署
29%
第7方面 江戸川区 小松川警察署
29%
第5方面 文京区 本富士警察署
28%
第6方面 台東区 下谷警察署
28%
第1方面 港区 愛宕警察署
24%
第2方面 大田区 池上警察署
24%
第3方面 目黒区 碑文谷警察署
24%
第7方面 江東区 城東警察署
24%
第1方面 千代田区 麴町警察署
22%
第1方面 中央区 久松警察署
21%
第2方面 大田区 東京空港警察署
17%
第4方面 新宿区 戸塚警察署
17%
第5方面 文京区 富坂警察署
10%
No matching quizzes found
Score Distribution
Percent of People with Each Score
Percentile by Number Answered
Your Score History
You have not taken this quiz